Production and Operations management: (Record no. 6114)
[ view plain ]
| 000 -LEADER | |
|---|---|
| fixed length control field | 00465nam a22001817a 4500 |
| 001 - ACCESSION NUMBER | |
| control field | 38586 |
| 003 - CONTROL NUMBER IDENTIFIER | |
| control field | OSt |
| 005 - DATE AND TIME OF LATEST TRANSACTION | |
| control field | 20160418100532.0 |
| 008 - FIXED-LENGTH DATA ELEMENTS--GENERAL INFORMATION | |
| fixed length control field | 160418b xxu||||| |||| 00| 0 eng d |
| 020 ## - INTERNATIONAL STANDARD BOOK NUMBER | |
| International Standard Book Number | 0132444844 |
| 040 ## - CATALOGING SOURCE | |
| Transcribing agency | ddc |
| 082 ## - DEWEY DECIMAL CLASSIFICATION NUMBER | |
| Classification number | 658.5 HEI(38586) |
| 100 ## - MAIN ENTRY--PERSONAL NAME | |
| Relator code | Heizer, Jay |
| 245 ## - TITLE STATEMENT | |
| Title | Production and Operations management: |
| Remainder of title | Strategic Tactical Decisions |
| 260 ## - PUBLICATION, DISTRIBUTION, ETC. (IMPRINT) | |
| Place of publication, distribution, etc. | New Jersey |
| Name of publisher, distributor, etc. | Prentice-Hall |
| Date of publication, distribution, etc. | 1996 |
| 500 ## - GENERAL NOTE | |
| General note | Include Index |
| 942 ## - ADDED ENTRY ELEMENTS (KOHA) | |
| Source of classification or shelving scheme | Dewey Decimal Classification |
| Koha item type | Books |
| Withdrawn status | Lost status | Source of classification or shelving scheme | Damaged status | Not for loan | Home library | Current library | Date acquired | Total Checkouts | Full call number | Barcode | Date last seen | Price effective from | Koha item type |
|---|---|---|---|---|---|---|---|---|---|---|---|---|---|
| Dewey Decimal Classification | Wesley Powell Learning Resource Centre | Wesley Powell Learning Resource Centre | 04/18/2016 | 658.5 HEI | 38586 | 04/18/2016 | 04/18/2016 | Books |